Normal view
MARC view
Entry Personal Name
001 - CONTROL NUMBER
- control field: 24566
003 - CONTROL NUMBER IDENTIFIER
- control field: OSt
005 - DATE AND TIME OF LATEST TRANSACTION
- control field: 20230529094024.0
008 - FIXED-LENGTH DATA ELEMENTS
- fixed length control field: 230529|| aca||aabn | a|a d
040 ## - CATALOGING SOURCE
- Original cataloging agency: OSt
- Transcribing agency: OSt
100 ## - HEADING--PERSONAL NAME
- Personal name: ၼၼ်ႇတိယ(ပၢင်လူင်)၊
- Titles and other words associated with a name: ၸဝ်ႈ။
670 ## - SOURCE DATA FOUND
- Source citation: Work cat.: (OSt): ၼၼ်ႇတိယ(ပၢင်လူင်)၊ ၸဝ်ႈ။, ဝွၵ်းၵႂၢမ်းသင်ႇသွၼ် /, 2014 ။